Nominální ekonomická konvergence v nových členských zemích
Kvantitatívne konvergenčné kritériá Európskej komisie na prijatie eura desiatimi novými členskými štátmi. Najpriaznivejšie výsledky v plnení týchto kritérií dosahuje Estónsko, Lotyšsko, Litva a Slovinsko. Situácia v ostatných šiestich štátoch. Poradie štátov v plnení kvalitatívnej časti konvergenčn...
Salvato in:
| Autore principale: | |
|---|---|
| Natura: | Capitolo di libro |
| Lingua: | ceco |
| Soggetti: | |
| Tags: |
Nessun Tag, puoi essere il primo ad aggiungerne!!
|
MARC
| LEADER | 00000naa$a2200000$$$4500 | ||
|---|---|---|---|
| 001 | 0028697 | ||
| 005 | 20231016092044.8 | ||
| 041 | 0 | |a cze | |
| 044 | |a CZ | ||
| 245 | 1 | 0 | |a Nominální ekonomická konvergence v nových členských zemích |c Jan Hřích |
| 520 | |a Kvantitatívne konvergenčné kritériá Európskej komisie na prijatie eura desiatimi novými členskými štátmi. Najpriaznivejšie výsledky v plnení týchto kritérií dosahuje Estónsko, Lotyšsko, Litva a Slovinsko. Situácia v ostatných šiestich štátoch. Poradie štátov v plnení kvalitatívnej časti konvergenčných kritérií. Základné údaje o ekonomickej situácii desiatich nových členských štátov za rok 2003 a 2004. | ||
| 610 | 2 | 0 | |a konvergencia |
| 610 | 2 | 0 | |a politika menová |
| 610 | 2 | 0 | |a euro |
| 610 | 2 | 0 | |a eurozóna |
| 610 | 2 | 0 | |a inflácia |
| 610 | 2 | 0 | |a financie verejné |
| 610 | 2 | 0 | |a kurz menový |
| 610 | 2 | 0 | |a miera úroková |
| 610 | 2 | 0 | |a spolupráca medzinárodná |
| 610 | 2 | 0 | |a dohody medzinárodné |
| 610 | 2 | 0 | |a krajiny tranzitívne |
| 610 | 2 | 0 | |a Európska únia |
| 100 | 1 | |a Hřích, Jan | |